000 00788nmm a2200253 a 4500
001 ocm000701200
003 TR-IsHL
005 20201028125333.0
008 110704s1984 tu tur
007 cr cn
035 _a701200
_b(N$T)
050 0 4 _aHC810
_b.F37 1984
090 0 4 _aHC810
_b.F37 1984
245 1 0 _aFas
_h[electronic resource]
250 _a1. bs.
260 _aİstanbul :
_bİstanbul Ticaret Odası,
_c1984
300 _a71 p.
650 4 _aEkonomi ve Finans
650 4 _aEconomics and Finance
650 0 _aFas
_x Ekonomik politika
650 0 _aMorocco
_x Economic policy
650 7 _aPOLITICAL SCIENCE / Public Policy / Economic Policy
_2bisacsh
856 4 0 _uhttp://search.ebscohost.com/login.aspx?direct=true&scope=site&db=e011xww&AN=701200
999 _c3428
_d3428